[Event "2. Wittelsbacher Weihnachts-Schach-Open"]
[Site "Kelheim"]
[Date "2013.12.28"]
[Round "4.20"]
[White "Strasser, Josef"]
[Black "Glück, Ulrich"]
[Result "1-0"]
[WhiteElo "1887"]
[BlackElo "1723"]
[PlyCount "109"]
[EventDate "2013.??.??"]
[WhiteTeam "Schach-Union München e.V."]
[BlackTeam "MSA Zugzwang 82 e.V."]

1. e4 c5 2. Nf3 e6 3. Nc3 a6 4. a4 Nc6 5. Bc4 Nf6 6. O-O d5 7. exd5 Nxd5 8. Ne4
Be7 9. d4 cxd4 10. Nxd4 Ne5 11. Be2 O-O 12. Nf3 Nxf3+ 13. Bxf3 Bd7 14. c4 Nb6
15. b3 Bc6 16. Qe2 Qc7 17. Bb2 Nd7 18. Qe3 e5 19. Nc3 Bxf3 20. Qxf3 Nf6 21. Ne4
Nxe4 22. Qxe4 Bf6 23. Rfe1 Rfe8 24. Rad1 Rad8 25. g3 Rxd1 26. Rxd1 Bd8 27. Kg2
Qb6 28. Rd3 Bf6 29. f4 Rd8 30. fxe5 Rxd3 31. Qxd3 Qc6+ 32. Qd5 Be7 33. Qxc6
bxc6 34. Kf3 Bc5 35. Ke4 g6 36. Bd4 Bb4 37. Bb6 Kf8 38. Kd4 Ke8 39. Bc5 Be1 40.
Ke4 Kd7 41. b4 Ke6 42. b5 cxb5 43. cxb5 axb5 44. axb5 Bc3 45. Bd4 Ba5 46. b6
Ke7 47. Kd5 Kd7 48. Kc5 Bd2 49. Kb5 Bg5 50. Ka6 Bd8 51. Bc5 Kc6 52. b7 Bc7 53.
Bd6 h5 54. Bxc7 Kxc7 55. Ka7 1-0

[Event "2. Wittelsbacher Weihnachts-Schach-Open"]
[Site "Kelheim"]
[Date "2013.12.28"]
[Round "4.21"]
[White "Winterholler, Christina"]
[Black "Rohne, Niklas"]
[Result "1-0"]
[WhiteElo "1955"]
[BlackElo "1486"]
[PlyCount "61"]
[EventDate "2013.??.??"]
[WhiteTeam "SK Ingolstadt"]
[BlackTeam "SK Landau-Dingolfing"]

1. e4 d5 2. exd5 Qxd5 3. Nc3 Qa5 4. d4 Bf5 5. Bd2 c6 6. Bc4 Qc7 7. Qf3 e6 8.
O-O-O Nf6 9. h3 Nbd7 10. Nge2 Bd6 11. Rhe1 O-O-O 12. Bb3 Nb6 13. Bg5 h6 14.
Bxf6 gxf6 15. g4 Bg6 16. Qxf6 Be7 17. Qf3 Bg5+ 18. Kb1 Nd5 19. Ng3 Qf4 20. Bxd5
cxd5 21. Qxf4 Bxf4 22. Nge2 Bd6 23. f4 h5 24. Rh1 hxg4 25. hxg4 a6 26. Rdf1
Rde8 27. Kc1 b5 28. a3 b4 29. axb4 Bxb4 30. Rxh8 Rxh8 31. f5 1-0

[Event "2. Wittelsbacher Weihnachts-Schach-Open"]
[Site "Kelheim"]
[Date "2013.12.28"]
[Round "4.22"]
[White "Meulner, Fabian"]
[Black "Zinner, Bernhard"]
[Result "1/2-1/2"]
[WhiteElo "1901"]
[BlackElo "1656"]
[PlyCount "138"]
[EventDate "2013.??.??"]
[WhiteTeam "SW Nürnberg Süd e.V."]
[BlackTeam "TV 1862 Geiselhöring"]

1. e4 d5 2. exd5 Qxd5 3. Nc3 Qa5 4. d4 c6 5. Nf3 Bf5 6. Bc4 e6 7. Ne5 f6 8. Nf3
Bb4 9. Bd2 Nd7 10. a3 Bxc3 11. Bxc3 Qc7 12. Qe2 O-O-O 13. O-O-O Re8 14. Rhe1
Nb6 15. Ba5 Qf4+ 16. Bd2 Qc7 17. Nh4 Nxc4 18. Qxc4 Ne7 19. Nxf5 exf5 20. Qf7 g6
21. g3 Qd7 22. c4 Rhf8 23. Qe6 Qxe6 24. Rxe6 Kd7 25. Rde1 Nc8 26. Rxe8 Rxe8 27.
Rxe8 Kxe8 28. Bb4 b6 29. Kc2 a5 30. Be1 Nd6 31. c5 bxc5 32. dxc5 Ne4 33. f3
Nxc5 34. Bxa5 Ne6 35. Bc3 Ng5 36. h4 Nxf3 37. Bxf6 Kf7 38. Bg5 Ne5 39. Bf4 Nd7
40. Kc3 Ke6 41. Kd4 Nb6 42. b3 Kd7 43. Ke5 Nd5 44. Bg5 Nc3 45. Be3 Ne4 46. g4
Nd6 47. gxf5 Nxf5 48. Bf2 Nh6 49. Be1 Ng4+ 50. Kd4 Nf6 51. Kc5 Kc7 52. Bg3+ Kb7
53. Bf4 Nd5 54. Be5 Ne3 55. Bf6 Ng4 56. Bg5 Ne5 57. Kd6 Nf3 58. Ke7 h6 59. Bxh6
Nxh4 60. Kf6 Nf3 61. Be3 g5 62. Kf5 Ne1 63. Kxg5 Nc2 64. Bc5 Ka6 65. a4 Ka5 66.
Kf5 Na1 67. b4+ Kxa4 68. Ke6 Kb5 69. Kd7 Nc2 1/2-1/2

[Event "2. Wittelsbacher Weihnachts-Schach-Open"]
[Site "Kelheim"]
[Date "2013.12.28"]
[Round "4.23"]
[White "Schultes, Christoph"]
[Black "Kellner, Christian"]
[Result "1-0"]
[WhiteElo "2028"]
[BlackElo "1623"]
[PlyCount "69"]
[EventDate "2013.??.??"]
[WhiteTeam "SK Landau-Dingolfing"]
[BlackTeam "SK Kelheim 1920"]

1. d4 d6 2. Nf3 Nf6 3. c4 g6 4. Nc3 Bg7 5. e4 O-O 6. Be2 Re8 7. O-O b6 8. h3
Nc6 9. Bf4 Nd7 10. Be3 Bb7 11. Rc1 e5 12. d5 Ne7 13. b4 h6 14. Ne1 f5 15. f3 f4
16. Bf2 g5 17. c5 Nf6 18. cxd6 cxd6 19. Nb5 Rf8 20. Nc7 Rc8 21. Ne6 Rxc1 22.
Qxc1 Qc8 23. Qa3 Rf7 24. Nd3 Bh8 25. Rc1 Qe8 26. b5 Nc8 27. Nb4 Nd7 28. Nc6
Bxc6 29. bxc6 Nc5 30. Bxc5 bxc5 31. Rb1 Nb6 32. Ba6 h5 33. Nxg5 Rg7 34. h4 Rg6
35. Rxb6 1-0

[Event "2. Wittelsbacher Weihnachts-Schach-Open"]
[Site "Kelheim"]
[Date "2013.12.28"]
[Round "4.24"]
[White "Hessler, Markus"]
[Black "Heppert, Lars"]
[Result "0-1"]
[WhiteElo "1714"]
[BlackElo "1927"]
[PlyCount "46"]
[EventDate "2013.??.??"]
[WhiteTeam "Schachfreunde Roding"]
[BlackTeam "Schachklub 1872 im BSV Neuburg"]

1. b3 Nf6 2. Bb2 g6 3. Bxf6 exf6 4. c4 Bg7 5. Nc3 f5 6. g3 O-O 7. e3 c6 8. Rc1
d5 9. cxd5 cxd5 10. d4 Nc6 11. Bg2 Ne7 12. Nge2 g5 13. h4 h6 14. hxg5 hxg5 15.
O-O Be6 16. b4 Ng6 17. Qb3 Qd7 18. Bxd5 f4 19. Bxe6 fxe6 20. Qa4 Qf7 21. Kh2 f3
22. Ng1 g4 23. Qa5 Ne5 0-1

[Event "2. Wittelsbacher Weihnachts-Schach-Open"]
[Site "Kelheim"]
[Date "2013.12.28"]
[Round "4.25"]
[White "Wltschek, Christian"]
[Black "Fritsch, Julian"]
[Result "1-0"]
[WhiteElo "1962"]
[BlackElo "1554"]
[PlyCount "27"]
[EventDate "2013.??.??"]
[WhiteTeam "TSV Wacker Neutraubling"]
[BlackTeam "SK Kelheim 1920"]

1. e4 d6 2. d4 Nf6 3. Nc3 g6 4. f4 Bg7 5. Nf3 O-O 6. Bd3 b6 7. Qe2 Bb7 8. Be3
Nc6 9. a3 Ng4 10. Bg1 e5 11. d5 Nh6 12. dxc6 Bxc6 13. fxe5 dxe5 14. O-O-O 1-0

[Event "2. Wittelsbacher Weihnachts-Schach-Open"]
[Site "Kelheim"]
[Date "2013.12.28"]
[Round "4.26"]
[White "Helf, Stefan"]
[Black "Urban, Rudolf"]
[Result "1-0"]
[WhiteElo "1598"]
[BlackElo "1932"]
[PlyCount "93"]
[EventDate "2013.??.??"]
[WhiteTeam "SK Abensberg"]
[BlackTeam "SC Roter Turm Altstadt"]

1. e4 c6 2. d4 d5 3. Nc3 dxe4 4. Nxe4 Nf6 5. Nxf6+ exf6 6. Nf3 Bd6 7. Bd3 Qe7+
8. Be3 Be6 9. O-O O-O 10. c4 Rd8 11. Qc2 g6 12. a3 Qc7 13. h3 Nd7 14. b4 Bf8
15. Rab1 Bg7 16. b5 Nb6 17. bxc6 bxc6 18. Nd2 f5 19. c5 Nd5 20. Nc4 f4 21. Bd2
Rab8 22. Ba5 Qe7 23. Bxd8 Rxd8 24. Ne5 Bxe5 25. dxe5 f3 26. Be4 fxg2 27. Bxg2
Qg5 28. Rb3 Qxe5 29. Bxd5 Bxd5 30. Re3 Qg5+ 31. Rg3 Qe7 32. f4 f5 33. Qxf5
Qxc5+ 34. Kh2 Rf8 35. Rxg6+ hxg6 36. Qxg6+ Kh8 37. Qh5+ Kg7 38. Rg1+ Qxg1+ 39.
Kxg1 Rf6 40. Qe5 a6 41. h4 Kf7 42. Kf2 Rg6 43. f5 Rf6 44. Kg3 Rh6 45. Kg4 Rh7
46. f6 Be6+ 47. Kg5 1-0

[Event "2. Wittelsbacher Weihnachts-Schach-Open"]
[Site "Kelheim"]
[Date "2013.12.28"]
[Round "4.27"]
[White "Tautz, Helmut"]
[Black "Schmidt, Franz"]
[Result "1/2-1/2"]
[WhiteElo "1526"]
[BlackElo "1880"]
[PlyCount "113"]
[EventDate "2013.??.??"]
[WhiteTeam "SK Kelheim 1920"]
[BlackTeam "SK Abensberg"]

1. e4 g6 2. d4 Bg7 3. Nf3 d6 4. h3 c5 5. c3 cxd4 6. Bb5+ Nc6 7. Nxd4 Bd7 8. Be3
Nf6 9. Nd2 O-O 10. O-O a6 11. Bd3 Qc7 12. N2f3 Rfc8 13. Rc1 a5 14. a4 Ne5 15.
Nxe5 dxe5 16. Nf3 Nh5 17. Qb3 Nf4 18. Rcd1 Nxd3 19. Rxd3 Qc6 20. Qd5 Qxd5 21.
Rxd5 Bc6 22. Rc5 Bxe4 23. Rxc8+ Rxc8 24. Nd2 Bc2 25. Bb6 Bxa4 26. Bxa5 Rc5 27.
Bb4 Rd5 28. c4 Rd3 29. Ra1 Be8 30. Ra8 Kf8 31. Ne4 f6 32. Nc3 Kf7 33. Nd5 Bf8
34. Nc7 Bc6 35. Ne6 Kxe6 36. Rxf8 Rd7 37. Rh8 h5 38. Rh6 Be4 39. f3 Bc2 40. Rh8
Rc7 41. c5 Rd7 42. Rc8 h4 43. c6 Rd1+ 44. Kh2 b6 45. Rb8 Ba4 46. c7 Bd7 47.
Rxb6+ Kf7 48. Rb8 Rd4 49. Bc5 Rc4 50. b4 f5 51. c8=Q Bxc8 52. Rxc8 e4 53. Rc7
exf3 54. Rxe7+ Kf6 55. Re1 Rc2 56. Rg1 f4 57. Kh1 1/2-1/2

[Event "2. Wittelsbacher Weihnachts-Schach-Open"]
[Site "Kelheim"]
[Date "2013.12.28"]
[Round "4.28"]
[White "Schmitz, Marc"]
[Black "Mühlich, Cornelius"]
[Result "0-1"]
[WhiteElo "1732"]
[BlackElo "1453"]
[PlyCount "118"]
[EventDate "2013.??.??"]
[WhiteTeam "SV Saal/Donau e.V.SAbt"]
[BlackTeam "SK Kelheim 1920"]

1. f4 c6 2. Nf3 d5 3. b3 Bf5 4. Bb2 e6 5. e3 Nf6 6. Be2 Be7 7. O-O O-O 8. Qe1
Bxc2 9. Nc3 Bf5 10. Ne5 Nbd7 11. g4 Bg6 12. Nxg6 hxg6 13. g5 Ne4 14. Rf3 f5 15.
Nxe4 dxe4 16. Qh4 exf3 17. Bxg7 Kxg7 18. Qh6+ Kf7 19. Qh7+ Ke8 20. Qxg6+ Rf7
21. Bxf3 Nf8 22. Qg8 Bb4 23. Bh5 Qe7 24. d4 Rd8 25. a3 Ba5 26. b4 Bc7 27. h4
Rd7 28. Kf2 Kd8 29. Bxf7 Qxf7 30. Qxf7 Rxf7 31. h5 Rh7 32. Rh1 Ke7 33. Kg3 a5
34. h6 Kf7 35. bxa5 Bxa5 36. Rb1 Kg6 37. Kf3 Rc7 38. e4 b6 39. exf5+ exf5 40.
Rb2 b5 41. Re2 Bc3 42. Re8 Kf7 43. Re5 Kg6 44. Re8 Nh7 45. Rg8+ Kh5 46. Rg7
Nxg5+ 47. fxg5 Rc8 48. h7 Rh8 49. g6 Bxd4 50. Rg8 Kh6 51. Kf4 c5 52. Kxf5 c4
53. Ke4 Bg7 54. Ke3 Kxg6 55. Rxh8 Bxh8 56. Kd2 Kxh7 57. Kc2 Kg6 58. a4 bxa4 59.
Kb1 Kf5 0-1

[Event "2. Wittelsbacher Weihnachts-Schach-Open"]
[Site "Kelheim"]
[Date "2013.12.28"]
[Round "4.29"]
[White "Karl, Thomas"]
[Black "Aigner, Georg"]
[Result "0-1"]
[WhiteElo "1495"]
[BlackElo "1896"]
[PlyCount "54"]
[EventDate "2013.??.??"]
[WhiteTeam "SK Kelheim 1920"]
[BlackTeam "TSV Dietfurt/Altm. e.V."]

1. d4 Nf6 2. Bg5 d5 3. Bxf6 exf6 4. Nf3 Bd6 5. e3 O-O 6. c4 c6 7. Nc3 Be6 8.
Bd3 dxc4 9. Bc2 Na6 10. a3 Rc8 11. O-O f5 12. Re1 Nc7 13. Qe2 Nd5 14. Nxd5 cxd5
15. Rac1 b5 16. Qd2 a5 17. Bb1 b4 18. a4 Re8 19. b3 cxb3 20. Qb2 Qd7 21. Qxb3
Rxc1 22. Rxc1 Rc8 23. Bc2 Rc3 24. Qb2 Qc6 25. Ne5 Bxe5 26. dxe5 b3 27. g4 Rxc2
0-1

[Event "2. Wittelsbacher Weihnachts-Schach-Open"]
[Site "Kelheim"]
[Date "2013.12.28"]
[Round "4.30"]
[White "Krause, Karl-Heinz"]
[Black "Wieczorek, Heinz"]
[Result "0-1"]
[WhiteElo "1472"]
[BlackElo "1815"]
[PlyCount "102"]
[EventDate "2013.??.??"]
[WhiteTeam "SK Landau-Dingolfing"]
[BlackTeam "SW Nürnberg Süd e.V."]

1. e4 e5 2. Nc3 Nc6 3. Bc4 Nf6 4. Nf3 d6 5. h3 Na5 6. Be2 c5 7. d3 h6 8. b3 Nc6
9. Bd2 Be7 10. Qc1 Bd7 11. a3 a6 12. Bd1 Qc7 13. Qb2 b5 14. Qc1 Be6 15. Rb1 Rc8
16. Ne2 d5 17. Ng3 dxe4 18. dxe4 Nd4 19. O-O Rd8 20. c3 Nc6 21. Be3 c4 22. b4
Bf8 23. a4 Bd6 24. a5 Qe7 25. Qb2 O-O 26. Be2 Qb7 27. Rfd1 Ne7 28. Qc2 Ng6 29.
Bf1 Be7 30. Be2 Qb8 31. Nf5 Bxf5 32. exf5 Nf4 33. Bf1 N6d5 34. Rbc1 Bf6 35. g3
Nxe3 36. fxe3 Nh5 37. Kh2 e4 38. Qg2 exf3 39. Qxf3 g6 40. Rxd8 Qxd8 41. Rd1 Qc8
42. e4 Be5 43. Rd5 Nxg3 44. Kg2 Nh5 45. Rd2 Rd8 46. Rxd8+ Qxd8 47. Be2 Qd2 48.
Qg4 Qxe2+ 49. Qxe2 Nf4+ 50. Kf3 Nxe2 51. Kxe2 Bxc3 0-1

[Event "2. Wittelsbacher Weihnachts-Schach-Open"]
[Site "Kelheim"]
[Date "2013.12.28"]
[Round "4.31"]
[White "Burgard, Manfred"]
[Black "Stutz, Robert"]
[Result "0-1"]
[WhiteElo "1411"]
[BlackElo "1859"]
[PlyCount "76"]
[EventDate "2013.??.??"]
[WhiteTeam "Schachfreunde Roding"]
[BlackTeam "TSV Grossmehring"]

1. d4 d5 2. c4 e6 3. Nc3 c6 4. Nf3 dxc4 5. a4 Bb4 6. e3 b5 7. axb5 cxb5 8. Ne5
Bb7 9. Nxf7 Bxc3+ 10. bxc3 Kxf7 11. Qh5+ g6 12. Qxb5 Qd5 13. Qb1 Nf6 14. f3 Rc8
15. Ra4 Nbd7 16. Qa2 Nb6 17. Ra5 Qc6 18. Ba3 Qd7 19. Bc5 Nfd5 20. Kd2 Ne7 21.
Kc2 Nc6 22. Ra3 Rd8 23. Bxc4 Nxc4 24. Qxc4 a5 25. Qa2 Ba6 26. Bb6 Rdb8 27. Bxa5
Rb5 28. Rb1 Rxb1 29. Kxb1 Bd3+ 30. Kc1 Qb7 31. Rb3 Qa6 32. d5 Nxa5 33. dxe6+
Kf6 34. Rb2 Bc4 35. Qb1 Bxe6 36. Qe4 Qf1+ 37. Kd2 Rd8+ 38. Kc2 Qd1# 0-1

[Event "2. Wittelsbacher Weihnachts-Schach-Open"]
[Site "Kelheim"]
[Date "2013.12.28"]
[Round "4.32"]
[White "Miethaner, Ulrich"]
[Black "Rösch, Maximilian"]
[Result "1-0"]
[WhiteElo "1949"]
[BlackElo "1235"]
[PlyCount "67"]
[EventDate "2013.??.??"]
[WhiteTeam "SC Bavaria Regensb.1881"]
[BlackTeam "SK Kelheim 1920"]

1. d4 d5 2. Nc3 Nf6 3. Bg5 e6 4. Nf3 Be7 5. Bxf6 Bxf6 6. e4 dxe4 7. Nxe4 O-O 8.
Bd3 Nc6 9. c3 Re8 10. Qc2 h6 11. O-O-O a6 12. h4 e5 13. d5 Na7 14. Ng3 Nb5 15.
Rhe1 Nd6 16. h5 Bg4 17. Kb1 Rc8 18. Rd2 Bxf3 19. gxf3 Bg5 20. Rde2 Bf4 21. Ne4
Nxe4 22. Bxe4 Qd6 23. Bf5 Rcd8 24. Qe4 Kf8 25. c4 b6 26. Qc2 a5 27. Qd1 Ra8 28.
Bc2 Re7 29. Ba4 Qf6 30. Qc2 Rd8 31. Rg1 Qh4 32. Qh7 f6 33. Qh8+ Kf7 34. Rxg7#
1-0

[Event "2. Wittelsbacher Weihnachts-Schach-Open"]
[Site "Kelheim"]
[Date "2013.12.28"]
[Round "4.33"]
[White "Schwab, Leon"]
[Black "Klimpel, Siegfried"]
[Result "1/2-1/2"]
[WhiteElo "967"]
[BlackElo "1888"]
[PlyCount "122"]
[EventDate "2013.??.??"]
[WhiteTeam "SK Kelheim 1920"]
[BlackTeam "TSV Kareth-Lappersdorf"]

1. d4 d5 2. c4 dxc4 3. Nc3 c5 4. Nf3 e6 5. Bf4 Nf6 6. e3 cxd4 7. Nxd4 Qa5 8.
Nf3 Bb4 9. Qc2 Nd5 10. Rc1 Nxf4 11. exf4 b5 12. a3 Bxc3+ 13. Qxc3 Qxc3+ 14.
Rxc3 Bb7 15. Be2 Nd7 16. O-O Nf6 17. b3 Nd5 18. Rc2 Nxf4 19. Bd1 Be4 20. Rc3
Nd5 21. Rc1 Rc8 22. Nd4 a6 23. bxc4 Bd3 24. Re1 Bxc4 25. Be2 O-O 26. Bf3 b4 27.
axb4 Nxb4 28. Re4 Na2 29. Ra1 Rfd8 30. Rh4 Bd3 31. Nc6 Rd7 32. Rd1 Rcc7 33. Ne5
Rd6 34. Nxd3 Rd8 35. Be2 Nc3 36. Rb4 Nxd1 37. Bxd1 g6 38. Be2 a5 39. Ra4 Rd5
40. g3 Rb7 41. Kg2 Ra7 42. Nc1 Kf8 43. Nb3 Ke7 44. Bc4 Re5 45. f4 Re4 46. Kf3
f5 47. Rxa5 Rxa5 48. Nxa5 Kd6 49. Bd3 Ra4 50. Nc4+ Kc5 51. Ne5 Kd4 52. Bb5 Ra3+
53. Kg2 g5 54. Nf3+ Kc5 55. Bd7 Ra2+ 56. Kg1 Kd6 57. Bxe6 Kxe6 58. Nxg5+ Kd5
59. Nxh7 Ke4 60. Ng5+ Ke3 61. h4 Rb2 1/2-1/2

[Event "2. Wittelsbacher Weihnachts-Schach-Open"]
[Site "Kelheim"]
[Date "2013.12.28"]
[Round "4.34"]
[White "Beilschmidt, Eva"]
[Black "Mosler, Ernst"]
[Result "1/2-1/2"]
[WhiteElo "1891"]
[BlackElo "1336"]
[PlyCount "36"]
[EventDate "2013.??.??"]
[WhiteTeam "SK Kelheim 1920"]
[BlackTeam "SV Wettstetten e.V."]

1. e4 e5 2. Nf3 Nc6 3. Bc4 Nf6 4. d3 d6 5. O-O Na5 6. Bb3 Nxb3 7. axb3 Bg4 8.
Bg5 Be7 9. Nbd2 O-O 10. Qc1 h6 11. Bh4 Nh7 12. Bg3 Ng5 13. Nxg5 Bxg5 14. f4
exf4 15. Bxf4 Bxf4 16. Rxf4 Qg5 17. Nf3 Bxf3 18. Rxf3 Qxc1+ 1/2-1/2

[Event "2. Wittelsbacher Weihnachts-Schach-Open"]
[Site "Kelheim"]
[Date "2013.12.28"]
[Round "4.35"]
[White "Geitner, Alexander"]
[Black "Brunner, Tobias"]
[Result "1/2-1/2"]
[WhiteElo "1116"]
[BlackElo "1410"]
[PlyCount "95"]
[EventDate "2013.??.??"]
[WhiteTeam "SC Anderssen Nürnberg 1929 e.V."]
[BlackTeam "TSV Nittenau"]

1. e4 e5 2. Nf3 Nc6 3. Bc4 Bc5 4. c3 Nf6 5. d4 exd4 6. cxd4 Bb4+ 7. Bd2 Bxd2+
8. Nbxd2 d5 9. exd5 Nxd5 10. O-O O-O 11. Nb3 Bg4 12. h3 Bxf3 13. Qxf3 Nb6 14.
Qd3 Qf6 15. Bb5 Rfd8 16. Bxc6 Qxc6 17. Rac1 Qd6 18. Rc2 Nd5 19. a3 Nf4 20. Qf3
Ne6 21. Rd1 Qd5 22. Qxd5 Rxd5 23. Rcd2 Rad8 24. Kf1 c5 25. Ke1 cxd4 26. g3 Ng5
27. Nxd4 Rxd4 28. Rxd4 Rxd4 29. Rc1 Rd8 30. h4 Nf3+ 31. Ke2 Nd4+ 32. Ke3 Nc6
33. f4 f5 34. Rg1 Na5 35. Rc1 g6 36. Rc7 Rd1 37. Ke2 Rd6 38. b4 Rc6 39. Rd7 Nc4
40. Rxb7 Nxa3 41. Rxa7 Nc2 42. Rb7 Rc4 43. b5 Rb4 44. b6 Na3 45. Rb8+ Kg7 46.
b7 Rb6 47. Ra8 Rxb7 48. Rxa3 1/2-1/2

[Event "2. Wittelsbacher Weihnachts-Schach-Open"]
[Site "Kelheim"]
[Date "2013.12.28"]
[Round "4.36"]
[White "Haxhija, Florim"]
[Black "Koller, Andreas"]
[Result "1/2-1/2"]
[WhiteElo "796"]
[BlackElo "1350"]
[PlyCount "83"]
[EventDate "2013.??.??"]
[WhiteTeam "SK Kelheim 1920"]
[BlackTeam "TSV Mainburg"]

1. e4 e5 2. Nf3 Nc6 3. Nc3 Nf6 4. d4 exd4 5. Nxd4 Bb4 6. Nxc6 bxc6 7. e5 Qe7 8.
Qe2 Nd5 9. Bd2 O-O 10. a3 Bc5 11. Nxd5 cxd5 12. Bb4 Bxb4+ 13. axb4 Qxb4+ 14. c3
Qb6 15. Qb5 Qxb5 16. Bxb5 c6 17. Bd3 a5 18. b4 a4 19. O-O Ba6 20. Bxa6 Rxa6 21.
Rfb1 Rb8 22. f4 h6 23. g4 a3 24. Kg2 a2 25. Rb2 Rba8 26. b5 cxb5 27. Rxb5 Ra5
28. Rxa5 Rxa5 29. h4 f6 30. Kf3 Kf7 31. g5 h5 32. exf6 gxf6 33. f5 d6 34. Kf4
Ra4+ 35. Ke3 Rxh4 36. g6+ Kg7 37. Rxa2 Re4+ 38. Kd3 h4 39. Ra7+ Kg8 40. Ra8+
Kg7 41. Ra7+ Kf8 42. Ra8+ 1/2-1/2

[Event "2. Wittelsbacher Weihnachts-Schach-Open"]
[Site "Kelheim"]
[Date "2013.12.28"]
[Round "4.37"]
[White "Voigt, Tobias"]
[Black "Mühlich, Raphael"]
[Result "1-0"]
[WhiteElo "1212"]
[BlackElo "781"]
[PlyCount "75"]
[EventDate "2013.??.??"]
[WhiteTeam "Schachklub München Südost e.V."]
[BlackTeam "SK Kelheim 1920"]

1. c4 e5 2. g3 Nf6 3. Bg2 c6 4. e3 d5 5. b3 e4 6. Ne2 Bg4 7. O-O Bd6 8. Re1
Nbd7 9. d3 O-O 10. Bb2 Re8 11. dxe4 dxe4 12. Qxd6 Re6 13. Qd2 Qc7 14. Nf4 Ree8
15. Qc3 Ne5 16. Nd2 Rad8 17. Nxe4 Nf3+ 18. Bxf3 Bxf3 19. Nxf6+ gxf6 20. Qxf6
Kf8 21. Qg7+ Ke7 22. Bf6+ Kd7 23. Qxf7+ Kc8 24. Qxc7+ Kxc7 25. Bxd8+ Rxd8 26.
Ne6+ Kc8 27. Nxd8 Kxd8 28. Rad1+ Bxd1 29. Rxd1+ Kc7 30. Rd4 a6 31. f4 Kb6 32.
f5 Kc5 33. f6 Kb6 34. f7 Kc7 35. f8=Q Kb6 36. b4 Ka7 37. Rd7 Kb6 38. Qb8 1-0

[Event "2. Wittelsbacher Weihnachts-Schach-Open"]
[Site "Kelheim"]
[Date "2013.12.29"]
[Round "5.1"]
[White "Gießmann, Stephan"]
[Black "Krivoborodov, Egor"]
[Result "0-1"]
[WhiteElo "2259"]
[BlackElo "2500"]
[PlyCount "86"]
[EventDate "2013.??.??"]
[WhiteTeam "SK Kelheim 1920"]
[BlackTeam "SC Garching 1980 e.V."]

1. d4 Nf6 2. Nf3 d5 3. Bf4 c5 4. e3 Qb6 5. Nc3 Bd7 6. Rb1 e6 7. Be2 Be7 8. O-O
O-O 9. Ne5 cxd4 10. exd4 Nc6 11. Nxc6 Bxc6 12. Bd3 g6 13. Ne2 Bb5 14. c3 Ne4
15. Bh6 Rfc8 16. Nf4 Nd6 17. Re1 Bxd3 18. Nxd3 Nc4 19. Qf3 Qd8 20. Qh3 Bg5 21.
Re2 Qf6 22. Rbe1 Bxh6 23. Qxh6 Qf5 24. Nf4 b5 25. f3 Qf6 26. Nh5 Qh8 27. g4
gxh5 28. gxh5 f6 29. Qf4 Rc6 30. h6 Kf7 31. Rxe6 Qg8+ 32. Kh1 Rxe6 33. Qc7+ Kf8
34. Rg1 Qf7 35. Qc5+ Qe7 36. Qxd5 Rd8 37. Qxb5 Re1 38. Qxc4 Rxg1+ 39. Kxg1 Qe1+
40. Kg2 Qd2+ 41. Kf1 Re8 42. Qc5+ Kg8 43. Qd5+ Kh8 0-1

[Event "2. Wittelsbacher Weihnachts-Schach-Open"]
[Site "Kelheim"]
[Date "2013.12.29"]
[Round "5.2"]
[White "Kreuzer, Martin"]
[Black "Ziegler, Michael"]
[Result "1-0"]
[WhiteElo "2340"]
[BlackElo "2171"]
[PlyCount "77"]
[EventDate "2013.??.??"]
[WhiteTeam "SK Kelheim 1920"]
[BlackTeam "SC Prichsenstadt"]

1. e4 c5 2. Nf3 e6 3. d4 cxd4 4. Nxd4 Nc6 5. Nb5 d6 6. c4 Nf6 7. N1c3 a6 8. Nd4
Be7 9. Be2 O-O 10. Nb3 Qc7 11. Be3 Ne5 12. Nd2 b6 13. O-O Bb7 14. f4 Ned7 15.
Bf3 Rac8 16. Qe2 Qb8 17. Rfe1 Qa8 18. Bf2 Bd8 19. e5 Ne8 20. Rad1 Bxf3 21. Nxf3
Bc7 22. Ne4 Bb8 23. exd6 Qb7 24. b4 Nef6 25. Ne5 h6 26. Nxf6+ Nxf6 27. Bh4 Nd7
28. Be7 Nxe5 29. fxe5 Rfe8 30. Bh4 Qd7 31. Qg4 Kh8 32. a4 a5 33. b5 Rf8 34. Qd4
Rce8 35. Bf2 Ba7 36. Qe4 f6 37. exf6 Rxf6 38. Bh4 Rf5 39. Qc6 1-0

[Event "2. Wittelsbacher Weihnachts-Schach-Open"]
[Site "Kelheim"]
[Date "2013.12.29"]
[Round "5.3"]
[White "Berchtenbreiter, Maximilian"]
[Black "Watzenberger, Stefan"]
[Result "1-0"]
[WhiteElo "2410"]
[BlackElo "2044"]
[PlyCount "73"]
[EventDate "2013.??.??"]
[WhiteTeam "SG Pang-Rosenheim 1910 e.V."]
[BlackTeam "SC Sendling e.V."]

1. e4 c5 2. Nf3 d6 3. d4 cxd4 4. Nxd4 Nf6 5. Nc3 a6 6. Bg5 e6 7. Qe2 h6 8. Bh4
Be7 9. O-O-O Qc7 10. f4 Nbd7 11. g4 b5 12. Bg2 Bb7 13. e5 dxe5 14. fxe5 Ng8 15.
Bxe7 Nxe7 16. Ndxb5 axb5 17. Nxb5 Qxe5 18. Qxe5 Nxe5 19. Nc7+ Kf8 20. Nxa8 Nd5
21. Bxd5 Bxd5 22. Nb6 Bxh1 23. Rd8+ Ke7 24. Rxh8 Nxg4 25. a4 f5 26. h3 Ne5 27.
a5 f4 28. Kd1 Bb7 29. Rb8 Bf3+ 30. Ke1 Nc6 31. Rb7+ Kd6 32. a6 Nb4 33. Nc4+ Kc5
34. Rc7+ Kb5 35. a7 Nxc2+ 36. Kf2 Nd4 37. Rd7 1-0

[Event "2. Wittelsbacher Weihnachts-Schach-Open"]
[Site "Kelheim"]
[Date "2013.12.29"]
[Round "5.4"]
[White "Maier, Alexander"]
[Black "Zeindlmeier, Thomas"]
[Result "1-0"]
[WhiteElo "2297"]
[BlackElo "2033"]
[PlyCount "85"]
[EventDate "2013.??.??"]
[WhiteTeam "SK Ingolstadt"]
[BlackTeam "SK Ingolstadt"]

1. e4 c5 2. b3 Nc6 3. Bb2 d6 4. g3 Nf6 5. Bg2 g6 6. Ne2 Bg7 7. O-O O-O 8. d4
cxd4 9. Nxd4 Nxd4 10. Bxd4 Qc7 11. c4 Bd7 12. Nc3 Bc6 13. Qe2 Nd7 14. Rad1 a5
15. Rfe1 Rfe8 16. Bh3 e6 17. Bxg7 Kxg7 18. Qd2 Ne5 19. Re3 f5 20. Bg2 Rad8 21.
h3 Kg8 22. Kh2 b6 23. Rde1 Nf7 24. f4 e5 25. exf5 gxf5 26. Bxc6 Qxc6 27. Nd5
Re6 28. Qd3 e4 29. Qd4 Qc5 30. Nf6+ Kf8 31. Nxh7+ Ke7 32. Qg7 d5 33. Ng5 Rf6
34. Nh7 Rfd6 35. Ng5 Rf6 36. cxd5 Qxd5 37. Nxe4 Re6 38. Nf2 Rdd6 39. Rxe6+ Rxe6
40. Rxe6+ Qxe6 41. Qd4 Nd8 42. h4 Kf7 43. Qxd8 1-0

[Event "2. Wittelsbacher Weihnachts-Schach-Open"]
[Site "Kelheim"]
[Date "2013.12.29"]
[Round "5.6"]
[White "Meulner, Klaus"]
[Black "Seidenschwarz, Holger"]
[Result "1-0"]
[WhiteElo "2123"]
[BlackElo "1982"]
[PlyCount "73"]
[EventDate "2013.??.??"]
[WhiteTeam "SW Nürnberg Süd e.V."]
[BlackTeam "SC 1947 Beilngries"]

1. d4 d5 2. Bf4 c5 3. e3 Nc6 4. c3 Qb6 5. Qb3 c4 6. Qc2 e5 7. dxe5 Bf5 8. Qc1
g5 9. Bg3 Bc5 10. Nf3 Nge7 11. Nd4 O-O-O 12. Nd2 h5 13. h4 g4 14. b4 Bxd4 15.
exd4 Nxd4 16. cxd4 Qxd4 17. Be2 Nc6 18. O-O Nxb4 19. Nxc4 dxc4 20. Bxc4 Nc2 21.
Bxf7 Qxa1 22. Qxa1 Nxa1 23. Rxa1 Kd7 24. Bf4 Rdf8 25. Bb3 Bc2 26. e6+ Ke8 27.
Bg5 Bxb3 28. axb3 Rhg8 29. Rxa7 Rxg5 30. hxg5 Rf5 31. Rxb7 Rxg5 32. Kh2 Re5 33.
e7 Re2 34. Kg3 h4+ 35. Kxh4 Rxf2 36. g3 Rf7 37. Rb8+ 1-0

[Event "2. Wittelsbacher Weihnachts-Schach-Open"]
[Site "Kelheim"]
[Date "2013.12.29"]
[Round "5.7"]
[White "Simons, Peter"]
[Black "Kammer, Christoph"]
[Result "1-0"]
[WhiteElo "1985"]
[BlackElo "2004"]
[PlyCount "73"]
[EventDate "2013.??.??"]
[WhiteTeam "Verein Rheinbacher Schachfreunde"]
[BlackTeam "TSV Nittenau"]

1. d4 Nf6 2. c4 c5 3. d5 b5 4. cxb5 a6 5. bxa6 g6 6. Nc3 Bxa6 7. Nf3 Bg7 8. g3
d6 9. e4 Bxf1 10. Kxf1 Nbd7 11. Kg2 O-O 12. Qe2 Ng4 13. a4 Rb8 14. Ra3 Rb4 15.
Nd2 f5 16. f3 Nh6 17. Nc4 fxe4 18. fxe4 Nb6 19. Na5 Qd7 20. Nc6 Nc8 21. Nb5 Ng4
22. Rf1 Rxf1 23. Kxf1 Ne5 24. Nxb4 cxb4 25. Rb3 Nb6 26. a5 Na4 27. a6 Qc8 28.
Be3 Qxa6 29. Rxb4 Nc5 30. Nd4 Qc8 31. Nb3 Ncd3 32. Rb6 Qh3+ 33. Kg1 Nxb2 34.
Rb8+ Kf7 35. Nd4 Nbc4 36. Ne6 Nxe3 37. Ng5+ 1-0